| 000 | 00000nam##2200000za#4500 |
| 001 | 9.602661 |
| 003 | CaOODSP |
| 005 | 20210624210701 |
| 007 | cr ||||||||||| |
| 008 | 150406|2000||||xxc|||||o f|0| 0 fre|d |
| 040 | |aCaOODSP|bfre |
| 043 | |an-cn--- |
| 086 | 1 |aNH18-22/100-132F-PDF |
| 110 | 2 |aSociété canadienne d'hypothèques et de logement. |
| 245 | 10|aPropriétés de résistance à l'humidité du plâtre et du stucco pour les bâtiments aux murs en ballots de paille |h[ressource électronique] |
| 260 | |aOttawa - Ontario : |bSociété canadienne d'hypothèques et de logement |c[2000]. |
| 300 | |a4p.|bgraphique, tableaux |
| 490 | 1 |aLe point en recherche. Série technique |v00-132 |
| 590 | |a11-29-Supp|b2011-11-25 |
| 691 | 07|aMatériau de construction|2gcpds |
| 691 | 07|aBâtiment|2gcpds |
| 775 | 08|tMoisture properties of plaster and stucco for straw bale buildings |w(CaOODSP)9.572283 |
| 776 | 0#|tPropriété de résistance à l'humidité du plâtre et du stucco pour les bâtiments aux murs en ballots de paille |w(CaOODSP)9.625488 |
| 830 | #0|aLe point en recherche. Série technique ;|v00-132|w(CaOODSP)9.501067 |
| 856 | 40|ahttp://publications.gc.ca|qPDF|s133 Ko|uhttps://publications.gc.ca/collections/Collection/NH18-22-100-132F.pdf|y00-132 |